000
00294nam a2200097Ia 4500
008
220204s9999 xx 000 0 und d
245
2
_a
A symposium in memory of Fraser P Price
260
_a
New York
_b
John Wiley
_c
1977
490
_a
Journal of Polymer Science: Polymer Symposium No.63
942
_c
BK
999
_c
43742
_d
43742